ბათუმის შოთა რუსთაველის სახელმწიფო უნივერსიტეტის ბიბლიოთეკა

The European Commission / (ბიბ.ჩანაწერი № 57904)

000 -LEADER
fixed length control field 00724cam a22002294i 4500
001 - CONTROL NUMBER
control field 18696213
005 - DATE AND TIME OF LATEST TRANSACTION
control field 20221110164856.0
008 - FIXED-LENGTH DATA ELEMENTS--GENERAL INFORMATION
fixed length control field 150713s2015 enka b 001 0 eng
020 ## - INTERNATIONAL STANDARD BOOK NUMBER
International Standard Book Number 9780230220584x
041 ## - LANGUAGE CODE
Language code of text/sound track or separate title eng
080 ## - UNIVERSAL DECIMAL CLASSIFICATION NUMBER
Universal Decimal Classification number 327(4) N-91
100 1# - MAIN ENTRY--PERSONAL NAME
Personal name Nugent, Neill.
9 (RLIN) 10877
245 14 - TITLE STATEMENT
Title The European Commission /
Statement of responsibility, etc. Neill Nugent and Mark Rhinard.
250 ## - EDITION STATEMENT
Edition statement Second edition.
264 #1 - PRODUCTION, PUBLICATION, DISTRIBUTION, MANUFACTURE, AND COPYRIGHT NOTICE
Place of production, publication, distribution, manufacture New York, NY :
Name of producer, publisher, distributor, manufacturer Palgrave Macmillan,
Date of production, publication, distribution, manufacture, or copyright notice 2015.
300 ## - PHYSICAL DESCRIPTION
Extent 433 pages :
Other physical details illustrations ;
Dimensions 24 cm.
653 ## - INDEX TERM--UNCONTROLLED
keyword The European Commission
653 ## - INDEX TERM--UNCONTROLLED
keyword ევროკომისია
653 ## - INDEX TERM--UNCONTROLLED
keyword Европейская комиссия
700 1# - ADDED ENTRY--PERSONAL NAME
Personal name Rhinard, Mark,
Dates associated with a name
9 (RLIN) 10879
Relator term ავტორი
942 ## - ADDED ENTRY ELEMENTS (KOHA)
Source of classification or shelving scheme
Koha item type წიგნი
ეგზემპლარები
Withdrawn status Lost status Source of classification or shelving scheme Damaged status Not for loan Permanent Location Current Location Shelving location Date acquired Cost, normal purchase price Full call number Barcode Date last seen Copy number Price effective from Koha item type Public note
          ბათუმის შოთა რუსთაველის სახელმწიფო უნივერსიტეტის მთავარი ბიბლიოთეკა ბათუმის შოთა რუსთაველის სახელმწიფო უნივერსიტეტის მთავარი ბიბლიოთეკა წიგნსაცავი 2021-03-31 102.00 327(4) N-91 54093 2021-03-31 54093 2021-03-31 წიგნი 102.00 GEL.
          ბათუმის შოთა რუსთაველის სახელმწიფო უნივერსიტეტის მთავარი ბიბლიოთეკა ბათუმის შოთა რუსთაველის სახელმწიფო უნივერსიტეტის მთავარი ბიბლიოთეკა წიგნსაცავი 2021-03-31 102.00 327(4) N-91 54094 2021-03-31 54094 2021-03-31 წიგნი 102.00 GEL.